| 000 | 00607nam a2200181 a 4500 | ||
|---|---|---|---|
| 008 | 120416s1969 ||||||||||||||||| || u | ||
| 050 | _aHD 31 Kaz | ||
| 100 | _aKazmier, Leonard J | ||
| 245 | 1 | 0 | _aPrinciples of management |
| 246 | _aa program for self-instruction | ||
| 250 | _a2nd ed. | ||
| 260 |
_aLondon _bMcGraw-Hill _c1969 |
||
| 300 | _axxi, 382p. : ill. | ||
| 350 | _a0.00 | ||
| 650 | 0 | _aMANAGEMENT | |
| 650 | _aPRINCIPLES OF MANAGEMENT | ||
| 995 |
_D0.00 _FCBU-MAIN LIBRARY (Kitwe) _H1 _I24.50 _M1 _UAVAILABLE _ZMain Library Open Access Collection |
||
| 999 |
_c54594 _d54594 |
||